| 000 | 00720nam a2200241Ia 4500 | ||
|---|---|---|---|
| 005 | 20260429112259.0 | ||
| 008 | 260429s9999||||xx |||||||||||||| ||und|| | ||
| 020 | _a9789391734701 | ||
| 041 | _aEnglish | ||
| 082 |
_a635.049 _bSIN |
||
| 100 | _aSingh, Jitendra | ||
| 245 | 0 |
_aStress-free horticulture : _bempowering crop resilience a biotic challenges / _cJitendra Singh |
|
| 260 |
_aNew Delhi : _bToday & Tomorrow's Printers and Publishers, _c2024. |
||
| 300 | _a380 p.; hb | ||
| 650 | _a Abiotic stress | ||
| 650 | _a Crop resilience | ||
| 650 | _a Sustainable agriculture | ||
| 650 | _aHorticulture | ||
| 700 | _a Maurya, I. B. | ||
| 700 | _a Sharma, J. P. | ||
| 700 | _a Singh, Priyanka | ||
| 942 | _cTB | ||
| 999 |
_c53283 _d53283 |
||